| 000 | 00526nam a2200193 a 4500 | ||
|---|---|---|---|
| 005 | 20230310063603.0 | ||
| 008 | 991125s1996 mx 000 0 spa u | ||
| 020 | _a9684529287 | ||
| 035 | _aUPN01000013349 | ||
| 049 | _aCG | ||
| 050 | 4 |
_aPR4558 _bA6.8 |
|
| 100 | 1 |
_aDickens, Charles, _d1812-1870 |
|
| 245 | 1 | 0 |
_aDavid Copperfield / _cCarlos Dickens ; introd. Sergio Pitol. |
| 260 |
_aMĂ©xico : _bPorrĂșa, _c1996. |
||
| 300 | _a542 p. | ||
| 440 | 0 |
_aSepan cuantos ; _v127 |
|
| 650 | 4 |
_aNovela inglesa _94471 |
|
| 905 | _aLibro | ||
| 999 |
_c13349 _d13349 |
||